000 00989nam a2200241Ia 4500
003 Ost
005 20260507075504.0
008 260507s9999||||xx |||||||||||||| ||und||
020 _a9789961004432
040 _cfsecg
041 _aara
082 _a332.1
100 _aالقزويني، شاكر
_eمؤلف
245 0 _aمحاضرات في اقتصاد البنوك /
_c شاكر القزويني
250 _aطبعة 4
260 _aالجزائر:
_bديوان المطبوعات الجامعية,
_c2008
300 _a166 صفحة؛
_bإيضاحات ؛
_c22 سم
504 _aالملاحق:ص ص.151-158؛ببليوغرافيا:ص ص.159-161
520 _aالتعريف بالإئتمان وبالمنشآت المالية والنقود،التعريف بالبنوك،النظام المصرفي في الجزائر،الودائع،الإئتمان،عمليات مصرفية أخرى
653 _aالإقتصاد
653 _aالبنوك
942 _cكتاب
999 _c44706
_d44706